Načítá se...

ഫോക് ലോര്‍ പഠനങ്ങള്‍

Podrobná bibliografie
Hlavní autoři: പി രാമന്‍; ദേശമംഗലം രാമകൃഷ്ണന്‍, P Raman; Desamangalam Ramakrishnan
Médium: Printed Book
Vydáno: Triavndrum; D Benjamin; 1999
Vydání:1st
Témata:
LEADER 00941nam a22001937a 4500
082 |a 398.27  |b RAM/F N9 
100 |a പി രാമന്‍; ദേശമംഗലം രാമകൃഷ്ണന്‍  |9 194232 
100 |a P Raman; Desamangalam Ramakrishnan  |9 194233 
240 |a Folklore Padanagal 
245 |a ഫോക് ലോര്‍ പഠനങ്ങള്‍ 
250 |a 1st  
260 |a Triavndrum;  |b D Benjamin;  |c 1999 
300 |a 118p. 
650 |a മലയാളം; നാടന്‍കല പഠനം   |9 194234 
650 |a Malayalam; Folklore Study  |9 194235 
942 |c BK 
999 |c 68258  |d 68258 
952 |0 0  |1 0  |4 0  |6 398_270000000000000_RAM_F_N9  |7 0  |8 FOLKS  |9 81130  |a MAL  |b MAL  |d 2016-11-15  |e 44355  |g 45.00  |l 0  |o 398.27 RAM/F N9  |p MAL044355  |r 2016-11-15  |t 1  |w 2016-11-15  |y BK 
952 |0 0  |1 0  |4 0  |6 398_270000000000000_RAM_F_N91  |7 0  |8 FOLKS  |9 81131  |a MAL  |b MAL  |d 2016-11-17  |e 44356  |l 0  |o 398.27 RAM/F N9;1  |p MAL044356  |r 2016-11-17  |t 2  |w 2016-11-17  |y BK